000
00277nam a2200109 4500
999
_c
10078
_d
10078
008
180731b ||||| |||| 00| 0 eng d
245
_a
Mt. Apo still closed.
260
_a
Davao City
_b
Sun Star Davao
_c
c2017
300
_a
page 6.
650
0
_9
29758
_a
Volcano.
942
_2
ddc
_c
PER